Detalles MARC
| 000 -CABECERA |
| campo de control de longitud fija |
01395aam a2200409 a 4500 |
| 001 - NÚMERO DE CONTROL |
| campo de control |
001352099 |
| 003 - IDENTIFICADOR DEL NÚMERO DE CONTROL |
| campo de control |
AR-RoIUNI |
| 005 - FECHA Y HORA DE LA ÚLTIMA TRANSACCIÓN |
| campo de control |
20190513153547.0 |
| 007 - CAMPO FIJO DE DESCRIPCIÓN FÍSICA--INFORMACIÓN GENERAL |
| campo de control de longitud fija |
ta |
| 008 - DATOS DE LONGITUD FIJA--INFORMACIÓN GENERAL |
| campo de control de longitud fija |
140514s2011 ag dh grt f001 0 spa |
| 015 ## - NÚMERO DE BIBLIOGRAFÍA NACIONAL |
| Número de bibliografía nacional |
AR-2011 |
| 020 ## - NÚMERO INTERNACIONAL ESTÁNDAR DEL LIBRO |
| Número Internacional Estándar del Libro |
9789872887049 |
| 040 ## - FUENTE DE LA CATALOGACIÓN |
| Centro catalogador/agencia de origen |
AR-BaBN |
| Centro/agencia transcriptor |
AR-RoIUNI |
| 043 ## - CÓDIGO DE ÁREA GEOGRÁFICA |
| Código de área geográfica |
s-ag--- |
| 044 ## - CÓDIGO DEL PAÍS DE LA ENTIDAD EDITORA/PRODUCTORA |
| Código MARC del país |
ag |
| Código ISO del país |
ar-c |
| 080 1# - NÚMERO DE LA CLASIFICACIÓN DECIMAL UNIVERSAL |
| Número de la Clasificación Decimal Universal |
378 CON |
| 110 2# - ENTRADA PRINCIPAL--NOMBRE DE ENTIDAD CORPORATIVA |
| Nombre de entidad corporativa o nombre de jurisdicción como elemento de entrada |
CONEAU (Argentina) |
| 245 10 - MENCIÓN DE TÍTULO |
| Título |
Universidad Católica de Cuyo |
| Resto del título |
Informe de evaluación externa |
| Mención de responsabilidad, etc. |
Ministerio de Educación, Comisión Nacional de Evaluación y Acreditación Universitaria (CONEAU) |
| 250 ## - MENCIÓN DE EDICIÓN |
| Mención de edición |
1a. ed. |
| 260 ## - PUBLICACIÓN, DISTRIBUCIÓN, ETC. (PIE DE IMPRENTA) |
| Lugar de publicación, distribución, etc. |
Buenos Aires |
| Nombre del editor, distribuidor, etc. |
CONEAU |
| Fecha de publicación, distribución, etc. |
2013 |
| 300 ## - DESCRIPCIÓN FÍSICA |
| Extensión |
144 p. |
| Dimensiones |
20 cm. |
| 490 1# - MENCIÓN DE SERIE |
| Mención de serie |
Informe de evaluación externa |
| Designación de volumen o secuencia |
43 |
| 650 10 - PUNTO DE ACCESO ADICIONAL DE MATERIA--TÉRMINO DE MATERIA |
| Término de materia o nombre geográfico como elemento inicial |
Educación Superior |
| 9 (RLIN) |
489 |
| 650 10 - PUNTO DE ACCESO ADICIONAL DE MATERIA--TÉRMINO DE MATERIA |
| Término de materia o nombre geográfico como elemento inicial |
Investigación Científica |
| 9 (RLIN) |
484 |
| 700 1# - PUNTO DE ACCESO ADICIONAL--NOMBRE DE PERSONA |
| Nombre de persona |
Fliguer, José |
| 810 2# - PUNTO DE ACCESO ADICIONAL DE SERIE--NOMBRE DE ENTIDAD CORPORATIVA |
| Nombre de entidad corporativa o nombre de jurisdicción como elemento de entrada |
CONEAU (Argentina) |
| Título de la obra |
Informe de evaluación externa |
| Designación de volumen o secuencia |
43 |
| 930 #1 - EQUIVALENCIA O REFERENCIA CRUZADA-ENCABEZAMIENTO DE TÍTULO UNIFORME [LOCAL, CANADÁ] |
| Lenguaje de la obra |
BNA01 |
| Medio de interpretación para música |
LIBRO |
| Enlace |
01005842 |
| Enlace entre campo y número de secuencia |
20160219 |
| Fecha de publicación/de la obra |
11 |
| 942 ## - ELEMENTOS DE PUNTO DE ACCESO ADICIONAL (KOHA) |
| Fuente del sistema de clasificación o colocación |
Clasificación Decimal Universal |
| Tipo de ítem Koha |
Libros |
| 956 ## - LOCALIZACIÓN Y ACCESO ELECTRÓNICOS LOCAL (OCLC) |
| Nombre del host |
CINDART |
| Número de acceso |
20 |
| Información sobre la compresión |
20160219 |
| Proceso de conexión (Logon) |
BNA01 |
| Procesador de la petición |
1004 |
| 956 ## - LOCALIZACIÓN Y ACCESO ELECTRÓNICOS LOCAL (OCLC) |
| Nombre del host |
CINDART |
| Número de acceso |
20 |
| Información sobre la compresión |
20160219 |
| Proceso de conexión (Logon) |
BNA01 |
| Procesador de la petición |
1004 |
| 956 ## - LOCALIZACIÓN Y ACCESO ELECTRÓNICOS LOCAL (OCLC) |
| Nombre del host |
NGADILLA |
| Número de acceso |
10 |
| Información sobre la compresión |
20160308 |
| Proceso de conexión (Logon) |
BNA01 |
| Procesador de la petición |
1159 |
| 956 ## - LOCALIZACIÓN Y ACCESO ELECTRÓNICOS LOCAL (OCLC) |
| Nombre del host |
NGADILLA |
| Número de acceso |
10 |
| Información sobre la compresión |
20160308 |
| Proceso de conexión (Logon) |
BNA01 |
| Procesador de la petición |
1216 |
| 956 ## - LOCALIZACIÓN Y ACCESO ELECTRÓNICOS LOCAL (OCLC) |
| Nombre del host |
CINDART |
| Número de acceso |
20 |
| Información sobre la compresión |
20160518 |
| Proceso de conexión (Logon) |
BNA01 |
| Procesador de la petición |
1206 |
| 956 ## - LOCALIZACIÓN Y ACCESO ELECTRÓNICOS LOCAL (OCLC) |
| Nombre del host |
MALBORES |
| Número de acceso |
20 |
| Información sobre la compresión |
20170120 |
| Proceso de conexión (Logon) |
BNA01 |
| Procesador de la petición |
1144 |
| 956 ## - LOCALIZACIÓN Y ACCESO ELECTRÓNICOS LOCAL (OCLC) |
| Nombre del host |
OPAREDES |
| Número de acceso |
20 |
| Información sobre la compresión |
20190207 |
| Proceso de conexión (Logon) |
BNA01 |
| Procesador de la petición |
0916 |
| 956 ## - LOCALIZACIÓN Y ACCESO ELECTRÓNICOS LOCAL (OCLC) |
| Nombre del host |
OPAREDES |
| Número de acceso |
20 |
| Información sobre la compresión |
20190221 |
| Proceso de conexión (Logon) |
BNA01 |
| Procesador de la petición |
1406 |